000 00298nam a22001337a 4500
008 180226b xxu||||| |||| 00| 0 eng d
020 _a9780131580244
041 _aeng
080 _a375.2
100 _a25
101 _aEDU
245 _aK-12 CALSSROOM TEACHING
_cANDREA.M.G
942 _2udc
_cBK
999 _c43525
_d43525